=LDR 00000nam 2200000 4500 =001 INLIS000000000024049 =005 20260420040721 =035 ##$$a 0010-061300000024049 =008 260420################g##########0#ind## =041 ##$$a Ind =082 ##$$a 344.041 =090 ##$$a 344.041, Kui m =100 1#$$a Kuitert, M =245 1#$$a Kematian yang digandrungi /$c M. Kuitert =260 ##$$a 1991 :$b Bandung =300 ##$$a 171 hlm, 21 cm =650 #4$$a Etika kedokteran =850 ##$$a NBPNMAT =084 ##$$a 344.041 KUI k =990 ##$$a 00044079 =990 ##$$a 00044081 =990 ##$$a 00044080 =990 ##$$a 00044081